000 00438nam a2200145Ia 4500
008 100122s9999 xx 000 0 und d
082 _b41037
_a822.09
100 _aधोंड म वा
245 _aचंद्र चवथिचा
260 _bमौज प्रकाशन गृह
_c1987
300 _a115
630 _aचंद्र चवथिचा
730 _aचंद्र चवथिचा
942 _cBOOK
999 _c421801
_d421798